[Event "GER-ch U12"]
[Site "Willingen"]
[Date "2017.06.09"]
[Round "9"]
[White "Zeuner, Ole"]
[Black "Stillbauer, Jan"]
[Result "1/2-1/2"]
[WhiteElo "1707"]
[BlackElo "1448"]
[PlyCount "112"]
[EventDate "2017.06.04"]
[EventType "swiss"]
[EventRounds "11"]
[EventCountry "GER"]
[SourceTitle "CBM 178 Extra"]
[Source "ChessBase"]
[SourceDate "2017.06.22"]
[SourceVersion "1"]
[SourceVersionDate "2017.06.22"]
[SourceQuality "1"]

1. e4 e5 2. Nf3 Nc6 3. d4 exd4 4. Nxd4 Bc5 5. Nb3 Bb6 6. Nc3 Nf6 7. Bg5 d6 8. Qe2 h6 9. Bh4 g5 10. Bg3 Be6 11. 0-0-0 Qe7 12. f3 0-0-0 13. Bf2 Bxf2 14. Qxf2 Rhe8 15. Bb5 Kb8 16. Bxc6 bxc6 17. Rhe1 Qf8 18. Qd4 Bxb3 19. axb3 Nd7 20. Qa4 Kb7 21. b4 Nb6 22. Qb3 a6 23. Ne2 Re5 24. Nd4 c5 25. bxc5 Rxc5 26. g3 Re8 27. f4 gxf4 28. gxf4 Qg7 29. Qf3 Kc8 30. Qh3+ Kb7 31. Nf5 Qg6 32. Qf3 d5 33. Ng3 Ka7 34. c3 dxe4 35. Nxe4 Qc6 36. Kc2 Rc4 37. Nd2 Qxf3 38. Nxf3 Rxe1 39. Rxe1 Rxf4 40. Nd2 Rf2 41. Re7 Kb7 42. Kd3 Rxh2 43. Rxf7 Na4 44. b4 Nb2+ 45. Ke3 Rh3+ 46. Nf3 Nc4+ 47. Kd4 Nd6 48. Rf8 Rh1 49. Ne5 Nb5+ 50. Kd3 h5 51. c4 Nd6 52. c5 Nb5 53. c6+ Kb6 54. Rb8+ Ka7 55. Rb7+ Ka8 56. Nd7 h4 1/2-1/2

[Event "GER-ch U10"]
[Site "Willingen"]
[Date "2015.05.29"]
[Round "10"]
[White "Stillbauer, Jan"]
[Black "Rempe, Jonas"]
[Result "1-0"]
[WhiteElo "1146"]
[BlackElo "1292"]
[PlyCount "77"]
[EventDate "2015.05.24"]
[EventType "swiss"]
[EventRounds "11"]
[EventCountry "GER"]
[SourceTitle "CBM 166 Extra"]
[Source "ChessBase"]
[SourceDate "2015.06.18"]
[SourceVersion "1"]
[SourceVersionDate "2015.06.18"]
[SourceQuality "1"]

1. e4 e6 2. d4 d5 3. Nc3 dxe4 4. Nxe4 Nd7 5. Nf3 Ngf6 6. Nxf6+ Nxf6 7. Bg5 Be7 8. Bc4 b6 9. 0-0 Bb7 10. Ne5 0-0 11. Re1 Nd5 12. Bxe7 Nxe7 13. Qd3 a6 14. Nf3 Ng6 15. c3 Re8 16. Rad1 b5 17. Bb3 e5 18. Qf5 Re7 19. Ng5 Bc8 20. Nxf7 Bxf5 21. Nxd8+ Kf8 22. Nc6 Ree8 23. Nxe5 Nxe5 24. Rxe5 Bg6 25. Rxe8+ Rxe8 26. f3 Re2 27. c4 Bc2 28. Bxc2 Rxc2 29. cxb5 Rxb2 30. bxa6 Rxa2 31. Rc1 Rxa6 32. Rxc7 Rd6 33. Rc4 Ke7 34. Kf2 Ke6 35. Ke3 Rd7 36. Ke4 g6 37. f4 Ra7 38. d5+ Kd7 39. Ke5 1-0

[Event "GER-ch U10"]
[Site "Willingen"]
[Date "2015.05.24"]
[Round "2"]
[White "Kalina, Lena"]
[Black "Stillbauer, Jan"]
[Result "0-1"]
[WhiteElo "993"]
[BlackElo "1146"]
[PlyCount "140"]
[EventDate "2015.05.24"]
[EventType "swiss"]
[EventRounds "11"]
[EventCountry "GER"]
[SourceTitle "CBM 166 Extra"]
[Source "ChessBase"]
[SourceDate "2015.06.18"]
[SourceVersion "1"]
[SourceVersionDate "2015.06.18"]
[SourceQuality "1"]

1. e4 e5 2. Nf3 Nc6 3. Bb5 a6 4. Bxc6 dxc6 5. Nc3 Bg4 6. 0-0 Bc5 7. d3 Nf6 8. Bg5 h6 9. Bh4 g5 10. Bg3 Qd7 11. Bxe5 Qe7 12. d4 Bb4 13. Qd3 Rg8 14. a3 Bxc3 15. Qxc3 Nxe4 16. Qe3 Nd6 17. Bxd6 Qxe3 18. fxe3 cxd6 19. Rae1 0-0-0 20. Nd2 d5 21. Rxf7 Rgf8 22. Rxf8 Rxf8 23. c4 Kd7 24. h3 Be6 25. cxd5 cxd5 26. Nb3 b6 27. e4 dxe4 28. Rxe4 Bxb3 29. Re3 Bg8 30. Rd3 Kd6 31. g3 Kd5 32. b4 Ke4 33. Rd2 Rd8 34. Re2+ Kd3 35. Re7 Rxd4 36. Kf2 Bd5 37. Re3+ Kc4 38. Re7 Bg8 39. Rc7+ Kb5 40. Rg7 Be6 41. Rg6 Bxh3 42. Rxh6 g4 43. Ke3 Rd7 44. Ke4 a5 45. Rh5+ Ka4 46. bxa5 bxa5 47. Rc5 Ra7 48. Rc3 Rd7 49. Kf4 Rd1 50. Ke4 Ra1 51. Kd4 Rxa3 52. Rc4+ Kb3 53. Kc5 Kb2 54. Kb5 Bf1 55. Kc5 Bxc4 56. Kxc4 Rxg3 57. Kd4 a4 58. Ke5 a3 59. Kf5 a2 60. Kg5 a1Q 61. Kf4 Rg2 62. Ke3 Qe1+ 63. Kf4 Rf2+ 64. Kg5 Qe5+ 65. Kh4 Rh2+ 66. Kxg4 Qe4+ 67. Kg3 Qh4+ 68. Kf3 Rf2+ 69. Ke3 Qf4+ 70. Kd3 Rd2# 0-1